Famille royale d'Angletterre - Statistiques

Statistiques générales
  • Ce quiz a été pris 701 fois
  • Le résultat moyen est 21 sur 40
Statistiques - réponses
Rôles Membres % Correct
Ancienne femme du roi Diana
96%
Fils cadet du roi, duc de Sussex Harry
95%
Fils aîné du roi, Prince de Galles William
95%
Femme du prince de Galles Kate
92%
Femme du duc de Sussex Meghan
92%
Reine consort Camilla
91%
Fille du prince de Galles Charlotte
91%
Fils aîné du prince de Galles George
91%
Fils cadet du prince de Galles Louis
87%
Sœur du roi, princesse royale Anne
85%
Roi actuel Charles III
81%
Fils du duc de Sussex Archie
78%
Fille du duc de Sussex Lilibet
76%
Mari de l'ancienne reine, ancien duc d'Edimbourg Philip
71%
Sœur de l'ancienne reine Margaret
67%
Frère du roi, duc d'York Andrew
65%
Frère du roi, duc d'Edimbourg Edward
59%
Ancienne reine Elizabeth II
56%
Fille cadette du duc d'York Eugénie
50%
Fille de la sœur du roi Zara
49%
Fille aînée du duc d'York Beatrice
48%
Ex-femme du duc d'York Sarah
46%
Fils du duc d'Edimbourg James
43%
Fille du duc d'Edimbourg Louise
42%
Femme du duc d'Edimbourg Sophie
41%
Fils de la sœur du roi Peter
36%
Ex-mari de la sœur du roi Mark
32%
Fille aînée de la nièce du roi Mia
30%
Mari de la sœur du roi Timothy
30%
Fille cadette du neveu du roi Isla
27%
Fille aînée du neveu du roi Savannah
27%
Mari de la fille de la sœur du roi Mike
24%
Fils aînée de la fille cadette du duc d'York August
22%
Ex-femme du fils de la sœur du roi Autumn
22%
Fille cadette de la nièce du roi Lena
22%
Fils de la nièce du roi Lucas
22%
Mari de la fille cadette du duc d'York Jack
20%
Fille de la fille aînée du duc d'York Sienna
20%
Fils cadet de la fille cadette du duc d'York Ernest
18%
Mari de la fille aînée du duc d'York Eduardo
11%
Aucun quiz correspondant
Distribution des résultats
% des personnes avec chaque résultat
Percentile par nombre de réponses
Votre historique - résultats
Vous n’avez pas pris ce quiz